Studies in the life of St. Paul. (Record no. 5167)

000 -LEADER
fixed length control field 00576nam a2200181 a 4500
001 - CONTROL NUMBER
control field :::00002908$&:&@@
003 - CONTROL NUMBER IDENTIFIER
control field OkBaRHE
005 - DATE AND TIME OF LATEST TRANSACTION
control field 20000607103258.0
008 - FIXED-LENGTH DATA ELEMENTS--GENERAL INFORMATION
fixed length control field s1906 j 000 0 eng u
040 ## - CATALOGING SOURCE
Transcribing agency
100 1# - MAIN ENTRY--PERSONAL NAME
Personal name Leacock, Arthur Gordner, 1868-
245 10 - TITLE STATEMENT
Title Studies in the life of St. Paul.
260 ## - PUBLICATION, DISTRIBUTION, ETC. (IMPRINT)
Place of publication, distribution, etc New York, NY., :
Name of publisher, distributor, etc Association Press
Date of publication, distribution, etc c1906
300 ## - PHYSICAL DESCRIPTION
Extent xiv, 192 p. : maps ;
Dimensions 21 cm.
650 ## - SUBJECT ADDED ENTRY--TOPICAL TERM
Topical term or geographic name as entry element Paul, Saint, Apostle
General subdivision Study
942 ## - ADDED ENTRY ELEMENTS (KOHA)
Source of classification or shelving scheme
Koha item type Books
Copies
Koha item type Damaged status Source of classification or shelving scheme Price effective from Full call number Date acquired Lost status Copy number Permanent Location Not for loan Barcode Shelving location Withdrawn status Date last seen
Books  2010-04-14BS 2505 .L3932010-04-14 1RHEMA Bible Training College 2908General Stacks 2018-03-16